La frontera Panamá-Costa Rica: relaciones económicas y sociales /
El documento presenta un análisis de las relaciones que se presentan entre Panamá y Costa Rica, específicamente en la zona fronteriza y las consecuencias económicas y sociales de dichas relaciones.
Na minha lista:
| Autor principal: | |
|---|---|
| Formato: | Texto |
| Idioma: | Spanish |
| Publicado em: |
San José:
Sociedad Interamericana de Planificación (SIAP). Consejo Superior Universitario Centroamericano (CSUCA). Universidad para la Paz (UPAZ)
1984
|
| Tags: |
Adicionar Tag
Sem tags, seja o primeiro a adicionar uma tag!
|
MARC
| LEADER | 00000 a a2200000 04500 | ||
|---|---|---|---|
| 001 | 21256 | ||
| 003 | cru CIDCACS/IIS | ||
| 005 | 20230705112208.0 | ||
| 008 | 210518b1984 cr ||||| |||| 00| 0 spa d | ||
| 040 | |c cru CRAI/IIS | ||
| 090 | |a 01.02.01 S645f | ||
| 100 | 1 | |a Smith Wiltshire, David A |9 9429 | |
| 245 | 1 | 3 | |a La frontera Panamá-Costa Rica: relaciones económicas y sociales / |c David A. Smith Wiltshire |
| 260 | |a San José: |b Sociedad Interamericana de Planificación (SIAP). Consejo Superior Universitario Centroamericano (CSUCA). Universidad para la Paz (UPAZ) |c 1984 | ||
| 300 | |a 18 p. | ||
| 500 | |a Colección Centroamérica | ||
| 520 | |a El documento presenta un análisis de las relaciones que se presentan entre Panamá y Costa Rica, específicamente en la zona fronteriza y las consecuencias económicas y sociales de dichas relaciones. | ||
| 942 | |2 ddc |c LI | ||
| 999 | |c 10351 |d 10351 | ||
